00975nam a2200229 a 4500999001500000001000500015003000900020005001700029008004100046040004000087082002500127100002700152245012000179260008000299300004500379490007400424650003800498650002500536710004900561942001200610952012300622 c6845d68454899BD-DhUAP20210109120759.0210109s1996 bg b 001 0 eng d aDLCcOClUdOCoLCdUkdBD-DhUAPbEng00a382.17095492 NAT223 aNath, Narayan Chandra. aBalance of payment constraint on growth and external competitiveness of Bangladesh economy /cNarayan Chandra Nath. aDhaka, Bangladesh : bBangladesh Institute of Development Studies, cc1996. aiii, 40 pages :billustrations ;c26 cm. aResearch report (Bangladesh Institute of Development Studies) ;v148. aBalance of paymentszBangladesh.  aEconomic conditions. aBangladesh Institute of Development Studies.002ddccBK 00102ddc4070aUAPCLbUAPCLcGeneral Stacksd2021-01-09o382.17095492 NATp3010004899r2021-01-09t1w2021-01-09yBK